000 00413nam a2200193Ia 4500
008 240510s9999 xx 000 0 und d
020 _a0009555514437
041 _asih
082 _a891.483
082 _bJ19
100 _aJAYAKODY.JAYASENA
245 0 _aSathsayura
260 _bColombo,Dayawansha Jayakody
260 _c2005
300 _a168 p.
650 _aNovel
942 _2ddc
942 _cLBK
999 _c29187
_d29187
945 _a1
_bMadushi Gamage
_c1
_dMadushi Gamage